000 00355 a2200157 4500
001 75690
020 _a9788560075171
040 _cAnchieta - Colégio São Paulo
100 _aSilva, Ailezz
240 1 0 _aZelinha me contou...
_lpor
245 1 0 _aZelinha me contou...
300 _a109
362 0 _a2008
650 4 _aLiteratura infantil
942 _cBK
999 _c75690
_d75690